000 00734cab a2200241 4500
001 WB3507-62
008 090401t1999 xxu||||| |||| 00| 0 eng d
035 _a(Sirsi) u91436
041 _aeng
245 _aUrban settlers
260 _c1999
350 _a0
490 _aDaily Telegraph
_v18 February 1999, 15(1)
520 _aA report by the Urban Task Force suggests that city living will become popular in the 21st century and a new breed of `urban settlers` will lead the migration back to the cities.
650 _aINNER CITIES
650 _aSOCIAL TRENDS
650 _aURBAN LIVING
650 _aURBAN REGENERATION
650 _aURBAN TASK FORCE
690 _aURBAN RENEWAL
942 _n0
948 _c18/02/1999
999 _c58046
_d58046